| 000 | 00462nam a22001577a 4500 | ||
|---|---|---|---|
| 005 | 20250828121145.0 | ||
| 008 | 250828b |||||||| |||| 00| 0 eng d | ||
| 020 | _a978-93-80864-53-2 | ||
| 041 | _aeng | ||
| 082 | _a181.4 | ||
| 100 |
_a CHIDAMBARAN, SUBRAMANIAN, & RAGHAVAN, R VENKATA _98649 |
||
| 245 | _aA PRIMER OF BHARTIYA DARSANAS:indian philosophical system | ||
| 260 |
_aKERALA _bCHINMAYA INTERNATIONAL FOUNDATION _c2022 |
||
| 300 | _a114;P | ||
| 942 | _cBK | ||
| 999 |
_c8775 _d8773 |
||